[Event "London Chess Classic FIDE Open"]
[Site "London ENG"]
[Date "2010.12.14"]
[Round "8"]
[White "Veznik, Michael"]
[Black "Hadi, Justin"]
[Result "0-1"]
[WhiteElo "1819"]
[BlackElo "2043"]
[WhiteFideId "360287"]
[BlackFideId "409154"]
[EventDate "2010.12.08"]

1. e4 Nc6 2. d4 d5 3. e5 f6 4. f4 Nh6 5. c3 Bg4 6. Nf3 Nf5 7. Be2 e6 8. Qd3 Be7
9. Be3 Qd7 10. Bf2 fxe5 11. fxe5 O-O 12. h3 Bxf3 13. gxf3 Bh4 14. Bxh4 Nxh4 15.
Rg1 Qf7 16. Nd2 Qf5 17. Qxf5 Rxf5 18. Rg4 Rh5 19. f4 Nf5 20. Kf2 Rxh3 21. Nf3
Rf8 22. Rag1 Rh6 23. b4 Nce7 24. b5 Rg6 25. Rg5 Kf7 26. a4 h6 27. Rxg6 Nxg6 28.
Rc1 Nxf4 29. Bf1 g5 30. Nd2 Ke7 31. Kg1 Ng3 32. c4 Nge2+ 0-1

[Event "London Chess Classic FIDE Open"]
[Site "London ENG"]
[Date "2010.12.14"]
[Round "8"]
[White "Obiamiwe, Paul"]
[Black "De Lagontrie, Jean"]
[Result "1-0"]
[WhiteElo "2021"]
[BlackElo "1948"]
[WhiteFideId "8500215"]
[BlackFideId "605271"]
[EventDate "2010.12.08"]

1. Nf3 d5 2. c4 d4 3. d3 c5 4. g3 Nc6 5. Bg2 e5 6. Nbd2 Nf6 7. O-O Be7 8. a3 O-O
9. Ne1 a5 10. b3 Be6 11. Nc2 Qd7 12. Re1 Ng4 13. Nf3 f5 14. Ng5 Bxg5 15. Bxg5 h6
16. Bd2 f4 17. Rf1 g5 18. b4 axb4 19. axb4 cxb4 20. Nxb4 Nf6 21. Qb3 Kg7 22. Nd5
Rxa1 23. Rxa1 Ng4 24. Be1 fxg3 25. hxg3 Qf7 26. f3 Ne3 27. Nxe3 dxe3 28. Bc3 Qd7
29. Qb6 Nd4 30. Bxd4 exd4 31. Ra7 Rf7 32. f4 Qe7 33. Qxd4+ Qf6 34. Qxe3 gxf4 35.
gxf4 Qg6 36. Kf2 Qf6 37. Rxb7 Rxb7 38. Bxb7 h5 39. Qe5 1-0

[Event "London Chess Classic FIDE Open"]
[Site "London ENG"]
[Date "2010.12.14"]
[Round "8"]
[White "Iyengar, Ilya"]
[Black "Calvert, D Ian"]
[Result "1/2-1/2"]
[WhiteElo "1989"]
[BlackElo "1981"]
[WhiteFideId "405949"]
[BlackFideId "406368"]
[EventDate "2010.12.08"]

1. d4 d5 2. c4 c6 3. Nf3 Nf6 4. Nc3 dxc4 5. a4 Bg4 6. e4 e5 7. dxe5 Qxd1+ 8.
Kxd1 Nfd7 9. Bf4 Bc5 10. Bg3 Bd4 11. e6 fxe6 12. Bxc4 Ne5 13. Be2 Nxf3 14. Bxf3
Bxf3+ 15. gxf3 Nd7 16. Kc2 O-O-O 17. b4 Be5 18. Rad1 Bxg3 19. fxg3 Ne5 20. f4
Ng4 21. Rd2 Rxd2+ 22. Kxd2 Rd8+ 23. Ke2 Rd4 24. b5 c5 25. h3 Nf6 26. Ke3 b6 27.
g4 Ne8 28. e5 Nc7 29. f5 Nd5+ 30. Nxd5 Rxd5 31. Kf4 Kd7 32. Re1 Ke7 33. Re4 Kf7
34. h4 h6 35. g5 exf5 36. Kxf5 g6+ 37. Kf4 h5 38. Ke3 Ke6 39. Kf4 Rd1 40. Re2
Rd4+ 41. Re4 Rxe4+ 42. Kxe4 c4 43. Kd4 c3 44. Kd3 c2 45. Kxc2 Kxe5 46. Kc3 Ke4
47. Kc4 Ke5 48. Kc3 Ke4 1/2-1/2

[Event "London Chess Classic FIDE Open"]
[Site "London ENG"]
[Date "2010.12.14"]
[Round "8"]
[White "Hayward, Alan"]
[Black "Caorlin, Marco"]
[Result "1-0"]
[WhiteElo "1979"]
[BlackElo "1849"]
[WhiteFideId "415936"]
[BlackFideId "1317849"]
[EventDate "2010.12.08"]

1. d4 d5 2. Nc3 Nf6 3. Bg5 Nc6 4. f3 h6 5. Bh4 g5 6. Bg3 Nh5 7. Bf2 Bg7 8. e3 a6
9. a3 Nf6 10. Bd3 e5 11. Nge2 Be6 12. Ng3 Qd7 13. Na4 b6 14. Nc3 h5 15. Qe2 h4
16. Nf1 O-O 17. Bxa6 exd4 18. exd4 Rfe8 19. Bb5 Bf5 20. Ne3 Qd6 21. O-O-O Bd7
22. Qd3 Na5 23. g3 c6 24. Ba4 b5 25. Bb3 Nxb3+ 26. cxb3 b4 27. Nb1 c5 28. Nf5
Bxf5 29. Qxf5 cxd4 30. Rd2 Qa6 31. Kd1 Rac8 32. Bxd4 bxa3 33. Nxa3 Qb7 34. Qd3 1-0

[Event "London Chess Classic FIDE Open"]
[Site "London ENG"]
[Date "2010.12.14"]
[Round "8"]
[White "Gregory, Philip J"]
[Black "Bishop, Geoffrey L"]
[Result "1-0"]
[WhiteElo "2096"]
[BlackElo "1800"]
[WhiteFideId "407852"]
[BlackFideId "417491"]
[EventDate "2010.12.08"]

1. e4 c5 2. c3 Nf6 3. e5 Nd5 4. d4 cxd4 5. Nf3 Nc6 6. cxd4 e6 7. Bd3 d6 8. a3
dxe5 9. dxe5 Qc7 10. O-O Nxe5 11. Nxe5 Qxe5 12. Bb5+ Bd7 13. Bxd7+ Kxd7 14. Nc3
Bd6 15. f4 Bc5+ 16. Kh1 Qd6 17. Ne4 Qc6 18. f5 Ke7 19. fxe6 fxe6 20. Bg5+ Ke8
21. Rc1 b6 22. b4 h6 23. Qh5+ Kd7 24. Qf7+ Kc8 25. bxc5 1-0

[Event "London Chess Classic FIDE Open"]
[Site "London ENG"]
[Date "2010.12.14"]
[Round "8"]
[White "Chidi, Lovinia Sylvia"]
[Black "Vachtfeidl, Petr"]
[Result "1-0"]
[WhiteElo "1814"]
[BlackElo "2038"]
[WhiteFideId "1270574"]
[BlackFideId "315028"]
[EventDate "2010.12.08"]

1. e4 c5 2. Nf3 e6 3. d4 cxd4 4. Nxd4 Nf6 5. Nc3 d6 6. Be2 Be7 7. Be3 O-O 8. O-O
Nc6 9. Qd2 a6 10. Kh1 Bd7 11. f4 b5 12. a3 Rc8 13. Bf3 Na5 14. Qf2 Nc4 15. Bc1
Re8 16. Nb3 Bc6 17. Nd2 Nxd2 18. Bxd2 d5 19. e5 Ne4 20. Bxe4 dxe4 21. Be3 Qc7
22. Rac1 Bb7 23. Ne2 Bc5 24. c3 Red8 25. Nd4 Bd5 26. h4 Rf8 27. Qg3 f6 28. f5
fxe5 29. Nxe6 Bxe6 30. Bxc5 Rxf5 31. Rxf5 Bxf5 32. b4 Rd8 33. Rf1 g6 34. Rxf5 1-0

[Event "London Chess Classic FIDE Open"]
[Site "London ENG"]
[Date "2010.12.14"]
[Round "8"]
[White "Haria, Ravi"]
[Black "Reutimann, Hans Peter"]
[Result "1-0"]
[WhiteElo "1952"]
[BlackElo "1792"]
[WhiteFideId "415820"]
[BlackFideId "1313886"]
[EventDate "2010.12.08"]

1. e4 Nf6 2. e5 Nd5 3. d4 e6 4. Nf3 c5 5. c3 Nc6 6. c4 Ndb4 7. d5 exd5 8. cxd5
Nd4 9. Nxd4 cxd4 10. a3 Nxd5 11. Qxd4 Qc7 12. Bd2 Nb6 13. Nc3 Bc5 14. Qe4 O-O
15. Bd3 g6 16. b4 Re8 17. bxc5 Rxe5 18. cxb6 Rxe4+ 19. Nxe4 Qxb6 20. Bc3 Qb3 21.
Kd2 Kf8 22. Nf6 d5 23. Nxh7+ Ke7 24. Rhe1+ Kd6 25. Rab1 Qa4 26. Be5+ Ke7 27. Rb4
Qxa3 28. Bb2+ 1-0

[Event "London Chess Classic FIDE Open"]
[Site "London ENG"]
[Date "2010.12.14"]
[Round "8"]
[White "Green, Conrad Eliot"]
[Black "McKenna, John R"]
[Result "1/2-1/2"]
[WhiteElo "1942"]
[BlackElo "1669"]
[WhiteFideId "420379"]
[BlackFideId "406180"]
[EventDate "2010.12.08"]

1. d4 d5 2. Nc3 g6 3. g3 Bg7 4. Bg2 c6 5. Nf3 Nf6 6. O-O O-O 7. b3 Bf5 8. Bb2
Nbd7 9. Re1 Ne4 10. Nh4 Nxc3 11. Bxc3 Be6 12. Qd2 Nf6 13. Bb2 Qb6 14. Rad1 a5
15. a4 Rfd8 16. Ba3 Qc7 17. c3 Ne4 18. Bxe4 dxe4 19. Qc2 f5 20. f3 b5 21. fxe4
fxe4 22. Rb1 b4 23. Bc1 bxc3 24. e3 Bd5 25. Qxc3 e5 26. dxe5 Bxe5 27. Qc2 Rf8
28. Bb2 Rab8 29. Bxe5 Qxe5 30. Rb2 Qe6 31. Reb1 Rb4 32. Qc5 Rxb3 33. Rxb3 Bxb3
34. Qxa5 Qf7 35. Qb4 Qf2+ 36. Kh1 Bd5 37. Qc3 g5 38. Rg1 gxh4 39. gxh4+ Kf7 40.
Qg7+ Ke6 41. Qg4+ Rf5 42. Qg8+ Rf7 43. Qc8+ Kf6 44. Qd8+ Re7 45. Qf8+ Rf7 46.
Qd8+ Re7 47. Qf8+ Rf7 1/2-1/2

[Event "London Chess Classic FIDE Open"]
[Site "London ENG"]
[Date "2010.12.14"]
[Round "8"]
[White "Burnham, Frank"]
[Black "Kane, Robert"]
[Result "0-1"]
[WhiteElo "1750"]
[BlackElo "1875"]
[WhiteFideId "419516"]
[BlackFideId "420468"]
[EventDate "2010.12.08"]

1. e4 c6 2. d4 d5 3. e5 Bf5 4. Nf3 e6 5. Be2 Ne7 6. O-O c5 7. c3 Nbc6 8. Be3
cxd4 9. cxd4 a6 10. Nbd2 Nc8 11. a3 Be7 12. b4 N8a7 13. Nb3 b5 14. Qd2 O-O 15.
Rfc1 f6 16. exf6 gxf6 17. Nh4 Bg6 18. Nxg6 hxg6 19. h4 f5 20. Bg5 f4 21. Bxf4
Bxh4 22. Bf3 Rf7 23. Nc5 Qf6 24. Be3 Rh7 25. Bg4 Re8 26. g3 Kf7 27. Kg2 Reh8 28.
Bxe6+ Ke8 29. Rh1 Rf8 30. Bd7+ Rxd7 31. Nxd7 Qf3+ 32. Kh3 Kxd7 33. Bg5 Bxg5 34.
Qxg5 Rh8+ 35. Qh4 Rxh4+ 36. Kxh4 Qh5# 0-1

[Event "London Chess Classic FIDE Open"]
[Site "London ENG"]
[Date "2010.12.14"]
[Round "8"]
[White "Keuneke, Hanno"]
[Black "Jones, Chris S"]
[Result "1/2-1/2"]
[WhiteElo "1745"]
[BlackElo "1848"]
[WhiteFideId "4609271"]
[BlackFideId "414905"]
[EventDate "2010.12.08"]

1. e4 c5 2. Nf3 d6 3. d4 cxd4 4. Nxd4 Nf6 5. Nc3 g6 6. Be3 Bg7 7. f3 Nc6 8. Qd2
Bd7 9. Bc4 Rc8 10. Bb3 Ne5 11. O-O-O O-O 12. Bh6 Bxh6 13. Qxh6 a5 14. a3 b5 15.
Ndxb5 Qb6 16. a4 Nc4 17. Bxc4 Rxc4 18. Rd3 Rfc8 19. Qe3 Qb7 20. Qa7 Qc6 21. b3
Ra8 22. Qf2 Rc5 23. Rhd1 Qb7 24. e5 Rxe5 25. g4 Rc8 26. h4 h5 27. g5 Bxb5 28.
Nxb5 Nd7 29. f4 Rec5 30. R1d2 Rf5 31. Nd4 Rfc5 32. Re3 Nb6 33. f5 Re5 34. fxg6
fxg6 35. Rxe5 dxe5 36. Nb5 1/2-1/2

[Event "London Chess Classic FIDE Open"]
[Site "London ENG"]
[Date "2010.12.14"]
[Round "8"]
[White "Siddiqui, Nida Mishraz"]
[Black "Kumar, Shankar"]
[Result "1/2-1/2"]
[WhiteElo "1791"]
[BlackElo "1795"]
[WhiteFideId "7800495"]
[BlackFideId "15600149"]
[EventDate "2010.12.08"]

1. e4 c6 2. d4 d5 3. Nc3 dxe4 4. Nxe4 Bf5 5. Ng3 Bg6 6. Nf3 Nd7 7. Bc4 e6 8. O-O
Ngf6 9. Re1 Be7 10. Bf4 Nd5 11. Be5 O-O 12. Nf1 Nxe5 13. Nxe5 Rc8 14. Nxg6 hxg6
15. c3 c5 16. Bb3 cxd4 17. cxd4 Bf6 18. Ne3 Nb6 1/2-1/2

[Event "London Chess Classic FIDE Open"]
[Site "London ENG"]
[Date "2010.12.14"]
[Round "8"]
[White "Bratteteig, Tore-Inge"]
[Black "Haddock, Paul"]
[Result "1-0"]
[WhiteElo "1656"]
[BlackElo "1793"]
[WhiteFideId "1510711"]
[BlackFideId "419150"]
[EventDate "2010.12.08"]

1. c4 e5 2. Nc3 Nc6 3. Nf3 d6 4. d4 exd4 5. Nxd4 Ne5 6. e4 Nf6 7. Be2 Be7 8. f4
Nc6 9. Be3 Bd7 10. g4 h5 11. gxh5 Nxd4 12. Bxd4 c5 13. Bf2 Qa5 14. O-O Bh3 15.
Re1 O-O-O 16. Bf3 Qc7 17. Bg3 g6 18. Qa4 a6 19. hxg6 Bd7 20. Qc2 Bc6 21. Nd5
Bxd5 22. cxd5 Nh5 23. Rac1 Nxg3 24. hxg3 Rh3 25. Bg4+ Kb8 26. Bxh3 fxg6 27. Kg2
Rg8 28. Be6 Rg7 29. Rh1 g5 30. Rh8+ Ka7 31. f5 g4 32. Rch1 Qa5 33. R1h7 Rxh7 34.
Rxh7 Bf6 35. b3 Qe1 36. Qf2 Qxe4+ 37. Kf1 Qb1+ 38. Kg2 Bd4 39. Qf1 Qe4+ 40. Kh2
Qc2+ 41. Qg2 Qb1 42. Bc8 Kb8 43. Be6 Ka7 44. Rh6 Qc1 45. Rg6 Qd1 46. f6 Qc1 47.
f7 Qb1 48. Rxg4 Qh7+ 1-0

[Event "London Chess Classic FIDE Open"]
[Site "London ENG"]
[Date "2010.12.15"]
[Round "9"]
[White "McDonald, Neil"]
[Black "Jones, Gawain C B"]
[Result "1/2-1/2"]
[WhiteTitle "GM"]
[BlackTitle "GM"]
[WhiteElo "2449"]
[BlackElo "2575"]
[WhiteFideId "400629"]
[BlackFideId "409561"]
[EventDate "2010.12.08"]

1. e4 c5 2. Nf3 d6 3. d4 cxd4 4. Nxd4 Nf6 5. Nc3 g6 6. Be3 Bg7 7. f3 O-O 8. Qd2
Nc6 9. O-O-O d5 10. exd5 Nxd5 11. Nxc6 bxc6 12. Bd4 Bxd4 13. Qxd4 Qb6 14. Na4
Qc7 15. Bc4 Bf5 16. g3 Rad8 17. Qc5 Be6 18. Rhe1 Nf4 19. Nc3 Bxc4 20. Qxc4 Ne6
21. b3 Rd6 22. f4 Rfd8 23. Rxd6 exd6 24. h4 d5 25. Qd3 d4 26. Ne4 Qa5 27. Kd1
Qxa2 28. h5 Qa1+ 29. Ke2 Qa5 30. Kf2 Qf5 31. h6 Kf8 32. Ng5 Qxd3 33. Nxe6+ fxe6
34. cxd3 Kf7 35. Ra1 Rd7 36. Ra5 Rb7 37. Kf3 Rxb3 38. Rxa7+ Kf6 39. Ke4 Rb1 40.
Rxh7 Rh1 41. Kxd4 g5 42. fxg5+ Kxg5 43. Rh8 Kg6 44. Rc8 Rxh6 45. Rxc6 Kf6 46.
Ke4 Rh1 47. Rc2 Re1+ 48. Kf3 Rd1 49. Rf2 Kg5 50. Ke3 Kg4 51. Rf6 Kxg3 52. Rg6+
Kh4 53. Ke2 Ra1 54. Ke3 Kh5 55. Rg2 Re1+ 56. Kf4 Rf1+ 57. Ke5 Re1+ 58. Kf6 Re3
59. d4 Re4 1/2-1/2

[Event "London Chess Classic FIDE Open"]
[Site "London ENG"]
[Date "2010.12.15"]
[Round "9"]
[White "Hebden, Mark L"]
[Black "Williams, Simon K"]
[Result "1/2-1/2"]
[WhiteTitle "GM"]
[BlackTitle "GM"]
[WhiteElo "2560"]
[BlackElo "2493"]
[WhiteFideId "400084"]
[BlackFideId "404454"]
[EventDate "2010.12.08"]

1. d4 Nf6 2. Nf3 e6 3. e3 b6 4. Bd3 Bb7 5. O-O Be7 6. c4 c5 7. Nc3 d5 8. cxd5
exd5 9. dxc5 bxc5 10. Bb5+ Kf8 11. b3 Na6 12. Bb2 Nc7 13. Bd3 Ne6 14. Rc1 Rc8
15. Bf5 Bd6 16. Nb5 Bb8 17. Be5 Bxe5 18. Nxe5 a6 19. Nc3 Qd6 20. f4 Ke7 21. e4
Rhd8 22. exd5 Bxd5 23. Re1 Bb7 24. Qxd6+ Rxd6 25. Nc4 Rd4 26. g3 g6 27. Bxe6
fxe6 28. Rc2 Ne4 29. Nxe4 Rxe4 30. Rec1 Bd5 31. Nb6 Rc6 32. Na4 c4 33. b4 Rd4
34. Nc3 Rb6 35. a3 Rd3 36. Kf2 Kf6 37. Re1 g5 38. fxg5+ Kxg5 39. Re3 Rd4 40. Ke1
Rd6 41. Rf2 Bc6 42. Re5+ Kg6 43. Rfe2 Kf6 44. Rc5 Bd5 45. Re3 h5 46. Ne2 Rg4 47.
h3 Rg5 48. Nf4 Rf5 49. h4 Rd7 50. Rc8 a5 51. b5 a4 52. b6 Rxf4 53. Rf8+ Ke7 54.
Rxf4 Rb7 55. Rf5 Kd6 56. Rxh5 Rxb6 57. Rh8 Kc5 58. h5 Kd4 59. Kf2 Rb3 60. Rxb3
axb3 61. Rb8 Be4 62. a4 Kc3 63. Ke3 Bc2 64. a5 b2 65. Rxb2 Kxb2 66. a6 c3 67. a7
Be4 68. Kxe4 c2 69. a8=Q c1=Q 70. Qb7+ Ka3 71. Qa6+ Kb4 72. Qd6+ Ka4 73. Qd4+
Ka5 74. Qe5+ Ka4 75. Qxe6 Qe1+ 76. Kf5 Qxg3 77. Qe4+ Ka3 78. h6 Qh3+ 79. Kg6
Qg3+ 80. Kf6 Qd6+ 81. Qe6 Qf4+ 82. Kg6 Qg3+ 83. Kh5 Qf3+ 84. Kg5 Qg3+ 85. Qg4
Qe5+ 86. Qf5 Qg3+ 87. Kh5 Qh2+ 88. Kg5 Qg3+ 89. Kf6 Qd6+ 90. Kg7 Qe7+ 91. Kg6
Qd6+ 92. Qf6 Qg3+ 93. Kh7 Qd3+ 94. Kg8 Qd5+ 95. Kg7 Qd7+ 96. Kf8 Qc8+ 97. Kf7
Qc4+ 98. Qe6 Qf4+ 99. Ke7 Qc7+ 100. Kf8 Qd8+ 101. Kf7 Qd3 102. Qe7+ Ka2 103.
Qa7+ Kb2 104. Qb8+ Ka2 105. Qh2+ Ka3 106. h7 Qf5+ 107. Ke7 Qg5+ 108. Ke6 Qg6+
109. Kd5 Qf7+ 110. Ke4 Qc4+ 111. Kf3 Qd3+ 112. Kg4 Qd7+ 113. Kg5 Qe7+ 114. Kg6
Qe6+ 115. Kg5 Qe7+ 116. Kg4 Qe6+ 117. Kf3 Qd5+ 118. Kf2 Qd2+ 119. Kg1 Qe1+ 120.
Kg2 Qe2+ 121. Kh3 Qh5+ 122. Kg3 Qe5+ 123. Kg2 Qe2+ 1/2-1/2

[Event "London Chess Classic FIDE Open"]
[Site "London ENG"]
[Date "2010.12.15"]
[Round "9"]
[White "Avrukh, Boris"]
[Black "Summerscale, Aaron P"]
[Result "1-0"]
[WhiteTitle "GM"]
[BlackTitle "GM"]
[WhiteElo "2625"]
[BlackElo "2434"]
[WhiteFideId "2803895"]
[BlackFideId "400980"]
[EventDate "2010.12.08"]

1. d4 d5 2. c4 e6 3. Nc3 Nf6 4. cxd5 exd5 5. Bg5 c6 6. e3 Be7 7. Bd3 Bg4 8. Qb3
Qb6 9. Qc2 Bh5 10. f4 Ng8 11. Nh3 Bg4 12. Bxe7 Nxe7 13. Nf2 Bc8 14. O-O-O Nd7
15. g4 Qc7 16. Kb1 Nb6 17. Rc1 Bd7 18. Qb3 h5 19. h3 a6 20. Qb4 Nec8 21. Rhe1
Qd6 22. Qa5 Kf8 23. Rc2 Rb8 24. Rce2 Qc7 25. e4 hxg4 26. hxg4 Qxf4 27. exd5 g6
28. Nfe4 cxd5 29. Rf2 Qc7 30. Ng5 Nd6 31. Qc5 1-0

[Event "London Chess Classic FIDE Open"]
[Site "London ENG"]
[Date "2010.12.15"]
[Round "9"]
[White "Ansell, Simon T"]
[Black "Greenfeld, Alon"]
[Result "1/2-1/2"]
[WhiteTitle "IM"]
[BlackTitle "GM"]
[WhiteElo "2417"]
[BlackElo "2564"]
[WhiteFideId "402141"]
[BlackFideId "2800039"]
[EventDate "2010.12.08"]

1. e4 c5 2. Nf3 d6 3. c3 Nf6 4. h3 g6 5. Bd3 Bg7 6. Bc2 e5 7. O-O O-O 8. d4 exd4
9. cxd4 cxd4 10. Nxd4 Nc6 11. Nxc6 bxc6 12. Nc3 d5 13. Be3 Rb8 14. Bb3 Nxe4 15.
Nxe4 dxe4 16. Bxa7 Ra8 17. Bc5 Re8 18. Qxd8 Rxd8 19. Rad1 Ba6 20. Rfe1 Bd3 21.
f3 Bxb2 22. fxe4 Be5 23. Bb6 Bd4+ 24. Bxd4 Rxd4 25. Rf1 Ra7 26. Rf3 Rad7 27.
Bxf7+ Rxf7 1/2-1/2

[Event "London Chess Classic FIDE Open"]
[Site "London ENG"]
[Date "2010.12.15"]
[Round "9"]
[White "Llaneza Vega, Marcos"]
[Black "Hanley, Craig A"]
[Result "0-1"]
[WhiteTitle "IM"]
[BlackTitle "IM"]
[WhiteElo "2479"]
[BlackElo "2428"]
[WhiteFideId "2253585"]
[BlackFideId "408514"]
[EventDate "2010.12.08"]

1. e4 c5 2. Nf3 d6 3. d4 cxd4 4. Nxd4 Nf6 5. Nc3 a6 6. Bc4 e6 7. Bb3 b5 8. Bg5
Nbd7 9. Qe2 Nc5 10. O-O-O Qc7 11. Kb1 Bb7 12. Bd5 Be7 13. Bxb7 Qxb7 14. Bxf6
Bxf6 15. Nb3 Na4 16. Rd3 Bxc3 17. bxc3 Rc8 18. Qe3 O-O 19. h4 b4 20. cxb4 Qxb4
21. Qd4 Qa3 22. Nc5 Rb8+ 23. Ka1 Qxc5 24. Qxa4 Rb4 25. Qa3 Rfb8 26. Rb3 Qe5+ 27.
Kb1 Qxe4 28. f3 Qc4 29. h5 h6 30. g4 R8b5 31. Rd1 d5 32. Rd3 e5 33. Qb2 e4 34.
fxe4 dxe4 35. Rd8+ Kh7 36. Kc1 e3 37. Rxb4 Rxb4 38. Qa3 e2 39. Kd2 Qf4+ 40. Kxe2
Re4+ 0-1

[Event "London Chess Classic FIDE Open"]
[Site "London ENG"]
[Date "2010.12.15"]
[Round "9"]
[White "Gormally, Daniel W"]
[Black "Cox, John J"]
[Result "1-0"]
[WhiteTitle "GM"]
[BlackTitle "IM"]
[WhiteElo "2470"]
[BlackElo "2398"]
[WhiteFideId "406465"]
[BlackFideId "401064"]
[EventDate "2010.12.08"]

1. d4 d5 2. Nf3 Nf6 3. c4 e6 4. Nc3 Be7 5. cxd5 exd5 6. Bg5 c6 7. Qc2 g6 8. e3
Bf5 9. Bd3 Bxd3 10. Qxd3 O-O 11. O-O Nbd7 12. Rab1 Nb6 13. Bxf6 Bxf6 14. b4 a6
15. a4 Be7 16. Nd2 a5 17. bxa5 Rxa5 18. Qc2 Ra7 19. Rfd1 Nc8 20. e4 dxe4 21.
Ndxe4 Nd6 22. d5 Re8 23. dxc6 bxc6 24. g3 Qc7 25. Rxd6 Bxd6 26. Nf6+ Kf8 27. Qd2
Re5 28. Qh6+ Ke7 29. Nxh7 Kd8 30. Nf6 Kc8 31. Rc1 Qe7 32. Ncd5 Rxd5 33. Nxd5 Qe6
34. Qh8+ Kb7 35. Rb1+ Ka6 36. Rb6+ 1-0

[Event "London Chess Classic FIDE Open"]
[Site "London ENG"]
[Date "2010.12.15"]
[Round "9"]
[White "Grover, Sahaj"]
[Black "Eggleston, David J"]
[Result "1-0"]
[WhiteTitle "IM"]
[BlackTitle "FM"]
[WhiteElo "2432"]
[BlackElo "2307"]
[WhiteFideId "5021103"]
[BlackFideId "412120"]
[EventDate "2010.12.08"]

1. e4 c5 2. Nf3 d6 3. d4 cxd4 4. Nxd4 Nf6 5. Nc3 a6 6. Bg5 Nbd7 7. Qe2 e6 8. f4
Be7 9. O-O-O Qc7 10. g4 h6 11. Bxf6 Bxf6 12. Bg2 g5 13. f5 Ne5 14. Rhf1 Bg7 15.
f6 Bf8 16. h3 Bd7 17. Nf3 O-O-O 18. Kb1 Kb8 19. Rd4 Rc8 20. Rfd1 Bc6 21. a3 Rg8
22. Na2 Rg6 23. Nb4 Bb5 24. Qd2 Nxf3 25. Bxf3 Rxf6 26. a4 Rxf3 27. axb5 a5 28.
Na2 Qb6 29. Qg2 Rf4 30. Qe2 Qc5 31. Nc1 Qe5 32. c3 d5 33. exd5 Qxe2 34. Nxe2
Rxd4 35. Rxd4 Bc5 36. Rd3 Re8 37. Ng3 exd5 38. Rxd5 b6 39. Nf5 Rh8 40. Ng7 Rg8
41. Nh5 Re8 42. Nf6 Re1+ 43. Ka2 Kc8 44. Nd7 Bg1 45. Ne5 Re3 46. Nxf7 Rxh3 47.
Rd8+ Kc7 48. Rh8 Rh2 49. Rh7 Kc8 50. Nxh6 Bc5 51. Kb3 Re2 52. Rg7 Be7 53. Nf5
Bd8 54. Nd6+ Kb8 55. Rb7+ Ka8 56. Rd7 Be7 57. Nc8 Bc5 58. Na7 Kb8 59. Nc6+ Kc8
60. Rg7 Be3 61. Re7 Re1 62. Kc4 Bd2 63. Rxe1 Bxe1 64. Kd5 Bd2 65. Ne5 Kc7 66.
Nf3 Bf4 67. b3 Bc1 68. Ne5 Bd2 69. c4 Be3 70. Ke6 Bc1 71. Nc6 Be3 72. Ne7 Bc1
73. Nd5+ Kb7 74. Kf5 Bd2 75. Nf6 Bc1 76. Ne4 Kc7 77. Nxg5 1-0

[Event "London Chess Classic FIDE Open"]
[Site "London ENG"]
[Date "2010.12.15"]
[Round "9"]
[White "Pena Gomez, Manuel"]
[Black "Getz, Nicolai"]
[Result "1/2-1/2"]
[WhiteTitle "IM"]
[WhiteElo "2429"]
[BlackElo "2317"]
[WhiteFideId "2252813"]
[BlackFideId "1505572"]
[EventDate "2010.12.08"]

1. g3 d5 2. Bg2 Nf6 3. c4 e6 4. Nf3 dxc4 5. O-O a6 6. a4 Nc6 7. Qc2 Qd5 8. Na3
Bxa3 9. Rxa3 O-O 10. b3 cxb3 11. Rxb3 Qe4 12. Qxe4 Nxe4 13. Ba3 Rd8 14. d3 Nf6
15. Rc1 Nd5 16. Bc5 Na5 17. Rbb1 Bd7 18. e4 Nf6 19. Bb4 Nc6 20. Bc3 Rab8 21. Ne5
Be8 22. a5 Na7 23. Ba1 Nb5 24. d4 Nxd4 25. Rxc7 Nb5 26. Rcc1 Rbc8 27. Nc4 Rxc4
28. Rxc4 Na3 29. Rcc1 Nxb1 30. Rxb1 Bc6 31. f3 Rd3 32. Rc1 Nd7 33. Bc3 Nc5 34.
Kf2 Nb3 35. Rc2 Nd4 36. Rc1 f5 37. exf5 exf5 38. f4 Bxg2 39. Bxd4 Rxd4 40. Kxg2
Rd5 41. Rc8+ Kf7 42. Rc7+ Kg6 43. Rxb7 Rxa5 44. Rb6+ Kh5 45. Rb7 Ra2+ 46. Kf3
Kh6 47. h3 Ra3+ 1/2-1/2

[Event "London Chess Classic FIDE Open"]
[Site "London ENG"]
[Date "2010.12.15"]
[Round "9"]
[White "Rodriguez Lopez, Rafael"]
[Black "Astaneh Lopez, Alex"]
[Result "0-1"]
[WhiteTitle "IM"]
[BlackTitle "FM"]
[WhiteElo "2305"]
[BlackElo "2405"]
[WhiteFideId "2204495"]
[BlackFideId "2501430"]
[EventDate "2010.12.08"]

1. d4 Nf6 2. Nf3 g6 3. c4 Bg7 4. Nc3 d5 5. Qb3 dxc4 6. Qxc4 O-O 7. e4 Bg4 8. Be3
Nfd7 9. Rd1 Nb6 10. Qb3 Nc6 11. d5 Ne5 12. Be2 Nxf3+ 13. gxf3 Bh5 14. f4 Bxe2
15. Nxe2 c6 16. dxc6 Qc8 17. cxb7 Qxb7 18. f3 Rfc8 19. Kf2 Qa6 20. Bd4 Rab8 21.
Bxg7 Kxg7 22. Qd3 Qxa2 23. Ra1 Qxb2 24. Rxa7 Rc2 25. Re1 Nc8 26. Rd7 Nd6 27.
Rxe7 Rd2 28. Qe3 Rc8 29. Kf1 Rcc2 30. f5 Nc4 31. Qf2 Rd3 32. Kg2 Re3 0-1

[Event "London Chess Classic FIDE Open"]
[Site "London ENG"]
[Date "2010.12.15"]
[Round "9"]
[White "Barle, Janez"]
[Black "Grassie, Duncan"]
[Result "1-0"]
[WhiteTitle "IM"]
[WhiteElo "2403"]
[BlackElo "2096"]
[WhiteFideId "14600021"]
[BlackFideId "411787"]
[EventDate "2010.12.08"]

1. e4 e6 2. Nf3 d5 3. Nc3 Nf6 4. e5 Nfd7 5. d4 c5 6. dxc5 Bxc5 7. Bd3 Nc6 8. Bf4
f6 9. exf6 Nxf6 10. O-O O-O 11. Ne5 Nxe5 12. Bxe5 Bd6 13. Qe2 Bxe5 14. Qxe5 Bd7
15. Rae1 Qb8 16. h3 Qxe5 17. Rxe5 Rac8 18. Ne2 Ne4 19. Bxe4 dxe4 20. Nd4 Rf4 21.
g3 Rf6 22. Rxe4 Rc4 23. c3 e5 24. Rxe5 Bxh3 25. Rfe1 Rc8 26. Re8+ Rxe8 27. Rxe8+
Kf7 28. Rb8 Rb6 29. b3 Bg4 30. f3 Bh5 31. Kf2 Bg6 32. c4 Kf6 33. Ke3 Bb1 34. c5
Ra6 35. Rxb7 Rxa2 36. c6 Ra5 37. c7 1-0

[Event "London Chess Classic FIDE Open"]
[Site "London ENG"]
[Date "2010.12.15"]
[Round "9"]
[White "Hennigan, Michael T"]
[Black "Rudd, Jack"]
[Result "1-0"]
[WhiteTitle "IM"]
[BlackTitle "IM"]
[WhiteElo "2388"]
[BlackElo "2253"]
[WhiteFideId "400858"]
[BlackFideId "405736"]
[EventDate "2010.12.08"]

1. g3 Nf6 2. Bg2 d5 3. d3 c5 4. Nf3 Nc6 5. O-O e6 6. Nbd2 Be7 7. e4 b6 8. Re1
Bb7 9. c3 Qc7 10. a3 O-O-O 11. b4 dxe4 12. dxe4 Ng4 13. Qa4 h5 14. Nc4 cxb4 15.
cxb4 Kb8 16. h3 Nd4 17. hxg4 Qxc4 18. Nxd4 Rxd4 19. Bf4+ Ka8 20. Rac1 Qa2 21.
Be3 Rd3 22. Rc7 Rxa3 23. Qd7 Bxb4 24. e5 1-0